000 00427nam a2200169Ia 4500
003 0STCL
008 150530s9999 xx 000 0 und d
040 _aSTCL
_cSTCL
100 _aPadmanabhan, T.
245 _aTheoretical Astrophysics: Astrophysical process
260 _bUniversity press; Cambridge
_c2000
_aCambridge
300 _a0
546 _aEnglish
942 _2ddc
_cBK
999 _c31417
_d31417
005 20220125170224.0